Wastewater reuse - risk assessment, decision-making and environmental security

Αποθηκεύτηκε σε:
Λεπτομέρειες βιβλιογραφικής εγγραφής
Συγγραφή απο Οργανισμό/Αρχή: NATO Advanced Research Workshop on Wastewater Reuse
Άλλοι συγγραφείς: Zaidi, Mohammed K. (Επιμελητής έκδοσης)
Μορφή: Πρακτικό Συνεδρίου Βιβλίο
Γλώσσα:English
Δημοσίευση: Dordrecht : Springer, c2007
Σειρά:NATO science for peace and security series. Environmental security ; ; Series C
Θέματα:
Ετικέτες: Προσθήκη ετικέτας
Δεν υπάρχουν, Καταχωρήστε ετικέτα πρώτοι!

MARC

LEADER 00000nam a2200000 i 4500
001 1/91440
008 080724s2007 eng d
020 |a 978-1-4020-6025-0 (hbk.) 
022 |a 18724668 
035 |l 10099170 
040 |a GR-MY-UA  |b gre  |e aacr 
041 0 |a eng 
082 0 |a 363.7284  |2 (22) 
245 1 0 |a Wastewater reuse - risk assessment, decision-making and environmental security /  |c edited by Mohammed K. Zaidi 
260 |a Dordrecht :   |b Springer,   |c c2007 
300 |a xvii, 446 σ.;  |b εικ.;  |c 28 εκ. 
490 1 |a NATO security through science series. Environmental security  |v ; Series C 
500 |a Πρακτικά του NATO Advanced Research Workshop on Wastewater Reuse - Risk Assessment, Decision-Making and Environmental Security, που πραγματοποιήθηκε στην Κωνσταντινούπολη, Τουρκία, 12-16 Οκτωβρίου 2006 
504 |a Περιέχει βιβλιογραφικές παραπομπές και ευρετήριο 
650 0 0 |a Water reuse  |x Congresses. 
700 1 |a Zaidi, Mohammed K.  |4 edt 
711 2 |a NATO Advanced Research Workshop on Wastewater Reuse  |d (2006 :  |c Istanbul, Turkey) 
830 0 |a NATO science for peace and security series. Environmental security ;  |v ; Series C 
852 |a INST  |b LESVOS  |e 20080724  |h 363.7284 WAS  |p 005100041850  |q 005100041850  |t BK  |y 0 
901 |a BIBL1-2008-2 
909 |a Λ  |b 151489 
922 |a 1ΕΛΗ  |b 200803  |c ΕΠΕΑΕΚ2/ΤΠ  |d ΠΑΠΑΣΩΤΗΡΙΟΥ 
970 |a ΚΑΡΑ  |b ΓΙΑΣΕΜΗ  |z 2008/07/24